QUEST Central Library Banner

Manufacturing of Nibbling Machine (Record no. 58534)

MARC details
000 -LEADER
fixed length control field 00390nam a2200157Ia 4500
100 ## - MAIN ENTRY--AUTHOR NAME
Personal name 12ME103
100 ## - MAIN ENTRY--AUTHOR NAME
Personal name Syed Irfan Abbas Rizvi
245 #0 - TITLE STATEMENT
Title Manufacturing of Nibbling Machine
260 ## - PUBLICATION, DISTRIBUTION, ETC. (IMPRINT)
Place of publication Nawabshah
260 ## - PUBLICATION, DISTRIBUTION, ETC. (IMPRINT)
Name of publisher QUEST
260 ## - PUBLICATION, DISTRIBUTION, ETC. (IMPRINT)
Year of publication 2012
300 ## - PHYSICAL DESCRIPTION
Number of Pages 41
700 ## - ADDED ENTRY--PERSONAL NAME
Personal name Department of Mechanical Engineering
Holdings
Withdrawn status Lost status Home library Current library Date acquired Accession Number Koha item type
    Central Library, QUEST, Nawabshah Research Section 24/04/2018 MEP/26-347 Thesis and Dissertation

Copyright © 2018,The QUEST, Nawabshah, Shaheed Benazirabad. All rights reserved
Mr. G. Farooq Channar (Librarian) QUEST, Nawabshah, Sindh, Pakistan 67480.
 Ph#: |   0244-9370381-4 Ext. 2308   Email| lib@quest.edu.pk   Web|  http://www.quest.edu.pk